000 00466nam a2200181Ia 4500
005 20250123035207.0
008 240331s9999 xx 000 0 und d
020 _a0195640632
082 _bFLU
_22234
_a305.4
100 _aFlueckiger, J. B
245 0 _aGender and Genre in the Folklore of Middle India
260 _aOxford
_bOxford University Press
_c1996
300 _axxiii, 351 p.,
650 _aGender
650 _aFolklore
650 _aWomen
942 _cL
999 _c1650
_d1650